|
|
|
|
| LEADER |
00000nab a2200000 a 4500 |
| 001 |
vtls008932528 |
| 003 |
SK-MaSNL |
| 005 |
20260304134753.0 |
| 008 |
250505c2004 xo mr|p|||||||000 b|slo |
| 015 |
|
|
|a SNBRB2007/01
|2 snkbucl
|
| 035 |
|
|
|a (uuid)4e5f2494-7613-404f-b853-791c73e6f513
|
| 035 |
|
|
|a urn:nbn:sk:snk-ab2zo6
|
| 035 |
|
|
|a (urnnbn)urn:nbn:sk:snk:ar-a049yd
|
| 038 |
|
|
|a SNKBUCL
|
| 040 |
|
|
|a SNKBUCL
|b slo
|c SNKBUCL
|e AACR2
|
| 041 |
0 |
|
|a slo
|
| 044 |
|
|
|a xo
|c SK
|
| 080 |
|
|
|a 347.725:340.133
|2 1997
|
| 245 |
0 |
0 |
|a Návrh zákona o Európskej akciovej spoločnosti a o zmene a doplnení niektorých zákonov
|
| 504 |
|
|
|a Bibliogr. odkazy
|
| 610 |
2 |
7 |
|a Európska akciová spoločnosť
|x zákony
|x návrhy
|2 snkbucl
|9 1453115
|
| 650 |
0 |
7 |
|a akciové spoločnosti
|2 snkbucl
|9 2214
|
| 650 |
0 |
7 |
|a obchodné spoločnosti
|2 snkbucl
|9 3650
|
| 651 |
|
7 |
|a Európa
|2 snkbucl
|9 167569
|
| 773 |
0 |
|
|t Obchodné právo
|g Roč. V., č. 5 (2004), s. 15-22
|x 1335-6674
|
| 850 |
|
|
|a Slovenská národná knižnica
|
| 852 |
|
|
|a Slovenská národná knižnica
|
| 954 |
|
|
|a odborná, vedecká literatúra pôvodná (slovenská)
|2 lita
|
| 958 |
|
|
|a article2022
|
| 958 |
|
|
|a NB
|
| 958 |
|
|
|a OND
|
| 958 |
|
|
|a EUIPO
|
| 999 |
|
|
|c 2908101
|d 2910031
|